Платон : (Record no. 180305)
[ view plain ]
| 000 -LEADER | |
|---|---|
| fixed length control field | 00759nam a2200217 a 4500 |
| 001 - CONTROL NUMBER | |
| control field | 000489599 |
| 003 - CONTROL NUMBER IDENTIFIER | |
| control field | AM-YeHGA |
| 005 - DATE AND TIME OF LATEST TRANSACTION | |
| control field | 20250617134337.0 |
| 008 - FIXED-LENGTH DATA ELEMENTS--GENERAL INFORMATION | |
| fixed length control field | 060522s1909 ||||||||||||||||||||rus|d |
| 040 ## - CATALOGING SOURCE | |
| Original cataloging agency | AM-YeHGA |
| 041 1# - LANGUAGE CODE | |
| Language code of text/sound track or separate title | rus |
| Language code of original | ger |
| 090 ## - LOCALLY ASSIGNED LC-TYPE CALL NUMBER (OCLC); LOCAL CALL NUMBER (RLIN) | |
| -- | 181755 |
| 100 1# - MAIN ENTRY--PERSONAL NAME | |
| Personal name | Виндельбанд, В. |
| 245 10 - TITLE STATEMENT | |
| Title | Платон : |
| Remainder of title | Пер. с нем. / |
| Statement of responsibility, etc. | В. Виндельбанд ; Пер. с И.В. Постмана ; Под ред. К. Жакова. |
| 260 ## - PUBLICATION, DISTRIBUTION, ETC. | |
| Place of publication, distribution, etc. | Санкт-Петербург : |
| Name of publisher, distributor, etc. | Тип. А. Улыбина, |
| Date of publication, distribution, etc. | 1909. |
| 300 ## - PHYSICAL DESCRIPTION | |
| Extent | 174 с. |
| 500 ## - GENERAL NOTE | |
| General note | Пер. с 4-го нем. изд. |
| 650 14 - SUBJECT ADDED ENTRY--TOPICAL TERM | |
| Topical term or geographic name entry element | Философские науки |
| 700 1# - ADDED ENTRY--PERSONAL NAME | |
| Personal name | Постман, И.В. |
| Relator term | пер. |
| Relationship | trl |
| 700 1# - ADDED ENTRY--PERSONAL NAME | |
| Personal name | Жаков, К. |
| Relator term | ред. |
| Relationship | edt |
| Withdrawn status | Lost status | Source of classification or shelving scheme | Damaged status | Not for loan | Collection | Home library | Current library | Date acquired | Total checkouts | Full call number | Barcode | Date last seen | Price effective from | Koha item type | Public note |
|---|---|---|---|---|---|---|---|---|---|---|---|---|---|---|---|
| Universal Decimal Classification | Hambardzumyan Individual Collection | Fundamental Scientific Library | Fundamental Scientific Library | 28/12/2016 | Amb/788 | FL0230133 | 28/12/2016 | 28/12/2016 | Գրքեր / Books | ILL Non-Circ. | |||||
| Universal Decimal Classification | General | Fundamental Scientific Library | Fundamental Scientific Library | 30/09/2019 | PII/17502 | FL0602150 | 30/09/2019 | 30/09/2019 | Գրքեր / Books | 30 Days Loan |
ՀՀ Գիտությունների ազգային ակադեմիայի հիմնարար գիտական գրադարան = Fundamental Scientific Library of NAS RA
All site content, except where otherwise noted, is licensed under a